| 000 | 00772nam a2200205 i 4500 | ||
|---|---|---|---|
| 001 | 74310 | ||
| 003 | ES-MaACL | ||
| 007 | t| | ||
| 008 | 040917s1984 sp ||||1| spa d | ||
| 100 | 1 |
_aGonzalez-Posada Martínez, Elías. _958879 |
|
| 245 | 1 | 3 |
_aLa compensación y absorción de salarios / _cElías González-Posada Martínez. |
| 260 |
_a[Madrid] : _bMinisterio de Trabajo y Seguridad Social, _c[1984] |
||
| 300 |
_a204 p. ; _c24 cm. |
||
| 490 | 1 | _aEstudios e investigaciones | |
| 500 | _aPrecede al tít.: Instituto de Estudios Laborales y de la Seguridad Social. | ||
| 710 | 2 |
_aInstituto de Estudios Laborales y de la Seguridad Social. _94915 |
|
| 830 | 0 |
_aEstudios e investigaciones _9182319 |
|
| 852 |
_aES-MaACL _jL-7286 _bR.107420 |
||
| 999 |
_c74310 _d74310 |
||